000 00370cam a22001217a 4500
008 180718b1980 xxu||||| |||| 00| 0 eng d
082 _aA81x54 In2/71/27/Pt1B
100 _aCensus of India 1971
245 _aDelhi: general report
260 _aDelhi
_bThe Controller of Publications
_c1980
300 _a179+p.
440 _aCensus of India 1971. Series 27, Delhi. Part I-B
999 _c485577
_d485577